Catalina

Na minha lista:
Detalhes bibliográficos
Autor principal: Thackeray, William Makepeace (Author)
Formato: Livro
Idioma:espanhol
Publicado em: Madrid Calpe 1920
Colecção:Colección Universal
Assuntos:
Tags: Adicionar Tag
Sem tags, seja o primeiro a adicionar uma tag!

MARC

LEADER 00000nam a2200000 a 4500
001 UCY9217
003 CL-VaPUC
008 950713e19200000SP |||||||||||||||||spa|d
082 0 4 |a 823  |b THA  |2 21 
100 0 |a Thackeray, William Makepeace  |e author  |9 341298 
245 1 0 |a Catalina 
300 |a 260 p 
942 |c BK 
945 |d 19950713 00:00:00  |a rbrito 
260 |a Madrid  |b Calpe  |c 1920 
650 0 |a Novelas inglesas  |9 265220 
583 |a last modification  |c 19950713 00:00:00  |k Rodrigo Vera 
490 0 |a Colección Universal 
999 |c 236343  |d 236341 
952 |0 0  |1 0  |4 0  |6 823_000000000000000_THA_1920  |7 0  |8 A  |9 244394  |a BIBEDU  |b BIBEDU  |d 2019-11-18  |i 3102033  |o 823 THA 1920  |p 3102033  |r 2019-11-18  |w 2019-11-18  |y BK  |k LIT